A bill to direct the Secretary of the Interior and the heads of other federal agencies to carry out an agreement resolving major issues relating to the adjudication of water rights in the Snake River Basin, Idaho, and for other purposes : report (to accompany S. 2605).

Bibliographic Details
Corporate Author: United States. Congress. Senate. Committee on Indian Affairs (1993- )
Format: Government Document Book
Language:English
Published: [Washington, D.C.] : [U.S. G.P.O.], [2004]
Series:Report / 108th Congress, 2d session, Senate ; 108-389
Subjects:
Online Access:https://purl.fdlp.gov/GPO/LPS56321

MARC

Tag First Indicator Second Indicator Subfields
LEADER 00000cam a2200000 a 4500
001 in00002014331
005 20211202202836.0
008 041213s2004 dcua b f000 0 eng c
035 |a (OCoLC)ocm57252049 
040 |a GPO  |c GPO  |d MvI  |d UtOrBLW 
042 |a pcc 
043 |a n-us-id 
049 |a UDOC 
049 |a WWW 
050 1 4 |a KF31  |b .I45 2004d 
074 |a 1008-C 
074 |a 1008-C (online) 
074 |a 1008-D (MF) 
074 |a 1008-D (online) 
086 0 |a Y 1.1/5:108-389 
110 1 |a United States.  |b Congress.  |b Senate.  |b Committee on Indian Affairs (1993- ) 
245 1 2 |a A bill to direct the Secretary of the Interior and the heads of other federal agencies to carry out an agreement resolving major issues relating to the adjudication of water rights in the Snake River Basin, Idaho, and for other purposes :  |b report (to accompany S. 2605). 
264 1 |a [Washington, D.C.] :  |b [U.S. G.P.O.],  |c [2004] 
300 |a 62 pages :  |b illustrations ;  |c 24 cm. 
336 |a text  |b txt  |2 rdacontent 
337 |a unmediated  |b n  |2 rdamedia 
338 |a volume  |b nc  |2 rdacarrier 
490 1 |a Report / 108th Congress, 2d session, Senate ;  |v 108-389 
500 |a Caption title. 
500 |a Distributed to some depository libraries in microfiche. 
500 |a Shipping list number: 2005-0053-P. 
500 |a "October 7, 2004." 
500 |a Shipping List Date: 12/09/2004 
504 |a Includes bibliographical references. 
530 |a Also available via Internet from the GPO Access web site. Address as of 4/27/05: http://frwebgate.access.gpo.gov/cgi-bin/getdoc.cgi?dbname=108_cong_reports&docid=f:sr389.108.pdf; current access is available via PURL. 
650 0 |a Nez Percé Indians  |z Idaho  |x Claims. 
650 0 |a Nez Percé Indians  |x Legal status, laws, etc.  |z Idaho. 
650 0 |a Water rights  |z Idaho. 
651 0 |a Snake River Watershed (Wyo.-Wash.) 
810 1 |a United States.  |b Congress.  |b Senate.  |t Report ;  |v 108-389. 
856 4 1 |u https://purl.fdlp.gov/GPO/LPS56321  |t 0 
999 |a MARS 
999 f f |s acc2572b-baf1-3502-9f8f-6fffc26e6dd7  |i 36aceb6a-855e-3156-b8ec-eae160b760e4  |t 0 
952 f f |a Texas A&M University  |b College Station  |c Electronic Resources  |d Available Online  |t 0  |e Y 1.1/5:108-389  |h Superintendent of Documents classification 
998 f f |a Y 1.1/5:108-389  |t 0  |l Available Online